| 000 | 00693nam a22001577a 4500 | ||
|---|---|---|---|
| 003 | OSt | ||
| 005 | 20151008144321.0 | ||
| 008 | 151008b xxu||||| |||| 00| 0 eng d | ||
| 040 | _cRUA | ||
| 082 | _aAVM SAN 2008 B080 Or.1 | ||
| 100 |
_92364 _aSANN, SARAMY. |
||
| 245 | _aStudy on growing of broiler chicken avian by using of dry watermelon leaf in concentrate feed at rua, សិក្សាលើការលូតលាស់របស់់មាន់ពូជ avian ដោយប្រើប្រាស់ស្លឹកឪឡឹកក្រៀមក្នុងចំណីផ្សំនៅ rua | ||
| 260 |
_aPhnom Penh _bRUA _c2008 |
||
| 300 |
_aix; 42p. _bill. _c29cm. |
||
| 942 |
_2ddc _cAVM |
||
| 999 |
_c2226 _d2226 |
||